| 000 | 00489nam a2200157 i 4500 | ||
|---|---|---|---|
| 001 | 72775 | ||
| 003 | ES-MaACL | ||
| 007 | t| | ||
| 008 | 040902s1974 sp ||||1| spa d | ||
| 100 | 1 |
_aGodelier, Maurice. _957517 |
|
| 245 | 1 | 0 |
_aRacionalidad e irracionalidad en economía / _cpor Maurice Godelier ; traducción de Nicole Blanc. |
| 250 | _a[4ª ed.]. | ||
| 260 |
_aMéxico, etc. : _bSiglo Veintiuno, _c[1974] |
||
| 300 |
_aVII, 313 p. ; _c21 cm. |
||
| 852 |
_aES-MaACL _jL-3679 _bR.104324 |
||
| 999 |
_c72775 _d72775 |
||